LEADER 03113nam0 2200361 450 001 000031966 005 20180903144247.0 010 $a978-1-4443-2327-6 014 $aDOI:10.1002/9781444323276 100 $a20180903d2010----km-y0itay50------ba 101 0 $aeng 102 $aUK 105 $ay-------001yy 200 1 $aUnderstanding Sea\2010Level Rise and Variability$brisorsa elettronica$fEdited by John A. Church Philip L. Woodworth Thorkild Aarup PhD, W. Stanley Wilson 210 $aChichester$cWiley-Blackwell$dc2010 215 $aXXVI, 428 p.$cill. 230 $aDati testuali (1 file: 390 Mb) 300 $aModalità di accesso: World Wide Web 327 1 $aIndice del libro free access:$uhttps://onlinelibrary.wiley.com/doi/abs/10.1002/9781444323276.fmatter 330 $aUnderstanding Sea-Level Rise and Variability identifies the major impacts of sea-level rise, presents up-to-date assessments of past sea-level change, thoroughly explores all of the factors contributing to sea-level rise, and explores how sea-level extreme events might change. It identifies what is known in each area and what research and observations are required to reduce the uncertainties in our understanding of sea-level rise so that more reliable future projections can be made. A synthesis of findings provides a concise summary of past, present and future sea-level rise and its impacts on society. Key Features: Book includes contributions from a range of international sea level experts Multidisciplinary Four color throughout Describes the limits of our understanding of this crucial issue as well as pointing to directions for future research The book is for everyone interested in sea-level rise and its impacts, including policy makers, research funders, scientists, students, coastal managers and engineers. 330 $aUnderstanding Sea-Level Rise and Variability identifies the major impacts of sea-level rise, presents up-to-date assessments of past sea-level change, thoroughly explores all of the factors contributing to sea-level rise, and explores how sea-level extreme events might change. It identifies what is known in each area and what research and observations are required to reduce the uncertainties in our understanding of sea-level rise so that more reliable future projections can be made. A synthesis of findings provides a concise summary of past, present and future sea-level rise and its impacts on society. 500 10$aUnderstanding Sea\2010Level Rise and Variability$91511230 610 1 $aMari$aLivello (dei) 610 1 $aCambiamento climatico$aRischi 676 $a551.458$v22$9Geomorfologia. Linee di costa 702 1$aChurch,$bJohn A. 702 1$aWoodworth,$bPhilip L. 702 1$aAarup,$bThorkild 801 0$aIT$bUNIPARTHENOPE$c20180903$gRICA$2UNIMARC 856 4 $ahttps://onlinelibrary.wiley.com/doi/book/10.1002/9781444323276$zAccesso limitato alla rete di Ateneo Università di Napoli "Parthenope"$eData ultima consultazione: 03/09/2018 912 $a000031966 996 $aUnderstanding Sea\2010Level Rise and Variability$91511230 997 $aUNIPARTHENOPE LEADER 02455nam0 22004813i 450 001 VAN00279638 005 20241125023935.530 017 70$2N$a9783031402098 100 $a20240711d2023 |0itac50 ba 101 $aeng 102 $aCH 105 $a|||| ||||| 200 1 $aTheory and Applications of Time Series Analysis and Forecasting$eSelected Contributions from ITISE 2022$fOlga Valenzuela ... [et al.] editors 210 $aCham$cSpringer$d2023 215 $axii, 236 p.$cill.$d24 cm 410 1$1001VAN00103344$12001 $aContributions to Statistics$1210 $aBerlin [etc.]$cSpringer 606 $a00B25$xProceedings of conferences of miscellaneous specific interest [MSC 2020]$3VANC020732$2MF 606 $a62-XX$xStatistics [MSC 2020]$3VANC022998$2MF 606 $a62M10$xTime series, auto-correlation, regression, etc. in statistics (GARCH) [MSC 2020]$3VANC025079$2MF 606 $a62M20$xInference from stochastic processes and prediction; filtering [MSC 2020]$3VANC033691$2MF 606 $a62P20$xApplications of statistics to economics [MSC 2020]$3VANC026444$2MF 606 $a91-XX$xGame theory, economics, finance, and other social and behavioral sciences [MSC 2020]$3VANC025601$2MF 606 $a91B84$xEconomic time series analysis [MSC 2020]$3VANC030773$2MF 610 $aCOVID-19 Time Series$9KW:K 610 $aForecasting$9KW:K 610 $aMultivariate Analysis$9KW:K 610 $aPrediction$9KW:K 610 $aTime Series Analysis$9KW:K 610 $aTime Series Applications$9KW:K 610 $aTime Series in Econometrics$9KW:K 610 $aTime Series in Energy$9KW:K 620 $aCH$dCham$3VANL001889 702 1$aValenzuela$bOlga$3VANV094759 712 12$aInternational Conference on Time Series and Forecasting$f2022$eGran Canaria, Spain$3VANV232136 712 $aSpringer $3VANV108073$4650 801 $aIT$bSOL$c20241129$gRICA 856 4 $uhttps://doi.org/10.1007/978-3-031-40209-8$zE-book ? Accesso al full-text attraverso riconoscimento IP di Ateneo, proxy e/o Shibboleth 899 $aBIBLIOTECA DEL DIPARTIMENTO DI MATEMATICA E FISICA$1IT-CE0120$2VAN08 912 $fN 912 $aVAN00279638 950 $aBIBLIOTECA DEL DIPARTIMENTO DI MATEMATICA E FISICA$d08DLOAD e-Book 9466 $e08eMF9466 20240716 996 $aTheory and Applications of Time Series Analysis and Forecasting$93417305 997 $aUNICAMPANIA